Progressive Biblical Knowledge Test - Statistics

General Stats
  • This quiz has been taken 444 times
  • The average score is 10 of 20
Answer Stats
Question Answer % Correct
What was the name of the first man in the Bible? Adam
100%
What is the name of the first book of the Bible? Genesis
98%
Which king slew the giant Goliath? David
97%
In which city was the above, and Jesus born? Bethlehem
95%
Name one of the books of the gospel. Matthew | Mark | Luke | John
92%
What body of water was parted for Moses and the Israelites? Red Sea
91%
In which city was the Jewish temple found? Jerusalem
89%
What alcoholic drink did Jesus turn water into? Wine
89%
Which book has the second most chapters? Isaiah
41%
Who wrote the book of the Acts of the Apostles? Luke
35%
What is the Hebrew name for the place where Jesus was crucified? Golgotha
29%
How many years did Methuselah live for? 969
28%
Which city was Abram from? Ur
22%
The church in which city had 'left its first love'? Ephesus
15%
On which mountain did the ark land? Mount Ararat
15%
To which Jewish ruler did Jesus speak concerning a second birth? Nicodemus
12%
Who was king Artexerxes' cupbearer? Nehemiah
10%
Who was slain for 'spilling his seed'? Onan
8%
Which king did Paul almost persuade to be a Christian? Agrippa
6%
Which Canaanite king had his thumbs and great toes cut off by Judah? Adoni-bezek
3%
No matching quizzes found
Score Distribution
Percent of People with Each Score
Percentile by Number Answered
Your Score History
You have not taken this quiz